| 000 | 00374nam a2200121 4500 | ||
|---|---|---|---|
| 999 |
_c9685 _d9685 |
||
| 003 | OSt | ||
| 005 | 20211216115413.0 | ||
| 008 | 211216b ||||| |||| 00| 0 eng d | ||
| 100 | _aL R Vagale | ||
| 245 | _aUDPFI/Urban development plans formulation and Implementation guidelines | ||
| 260 |
_aNew Delhi _bMinistry of Urban Affairs and employment government of india |
||
| 942 | _2ddc | ||